Riadenie jednej triedy systémov s rozloženými parametrami : Dokt.diz.práca : V.odb. 26-15-9 : Obh. 18.06.1987 /

Enregistré dans:
Détails bibliographiques
Auteur principal: Mikleš, Ján, 1938- (Auteur)
Format: Manuscrit Livre
Publié: Bratislava : SVŠT v Bratislave EF, 1985
Sujets:
Tags: Ajouter un tag
Pas de tags, Soyez le premier à ajouter un tag!

MARC

LEADER 00000ntm a22000003a 4500
001 stu4436
005 20150617225809.7
008 ------s1985----------------------------d
040 |a STU  |b slo 
041 0
100 1 |a Mikleš, Ján,  |d 1938-  |4 aut  |u C7220  |U FCHPT Ústav informatizácie, automatizácie a matematiky  |T FCHPT Oddelenie informatizácie a riadenia procesov  |X 3992  |U C7220  |Y 121  |7 A000003992 
245 1 |a Riadenie jednej triedy systémov s rozloženými parametrami :  |b Dokt.diz.práca : V.odb. 26-15-9 : Obh. 18.06.1987 /  |c [aut.] Mikleš,Ján, Doc.Ing.CSc 
260 |a Bratislava :  |b SVŠT v Bratislave EF,  |c 1985 
300 |a 311 s :  |b príl 
650 7 |a technická kybernetika  |2 stusub 
996 |b 284ED00535  |c E*DDIZ-515  |l EE01  |s A  |a 24  |w stu4436_0001